000 00395nam a2200145Ia 4500
005 20250729165342.0
008 250729s2005 xx 000 0 und d
041 _aeng
082 _a370.3 SHAC
100 _aSharma Promila
_9221574
245 _aEncyclopedia of Comparive Education Vol - III
260 _aNew Delhi
_bA P H Publishing
_c2005
300 _a348p
650 _aEncyclopedia
_9221575
999 _c235076
_d235076